| 000 | 00788nac a22002417a 4500 | ||
|---|---|---|---|
| 001 | BR7704531 | ||
| 003 | BR-BrBNA | ||
| 005 | 20240105114127.0 | ||
| 008 | 230509b bl.|||m| |||| 00| 0 por d | ||
| 040 |
_aBR-BrBNA _bpor _cBiblioteca Nacional de Agricultura |
||
| 072 | _aE50 | ||
| 090 | _a0230 BR7704531 | ||
| 100 | 1 | _aPassos, C. | |
| 110 | 1 |
_aInstituto do Acucar e do Alcool, Rio de Janeiro, RJ (Brasil) _96311 |
|
| 245 | 1 | _aAtras das nuvens; onde nasce o sol (terra de engenho)ciclo da cana-de-acucar. 4 [Brasil] | |
| 260 | 3 |
_aRio de Janeiro, RJ (Brasil): _c1977. |
|
| 300 | _a178 p. | ||
| 490 |
_aColecao Canavieira (Brazil) _vno. 23 _x |
||
| 650 | _aCOMUNIDADE RURAL | ||
| 650 | _aCANA DE ACUCAR | ||
| 909 |
_a202312 _bLúcia Elande _c55 _dLúcia Elande |
||
| 942 |
_2AGRIS _n0 _cMS |
||
| 999 |
_c267539 _d267539 |
||